[Event "Karelia-ch"]
[Site "Petrozavodsk"]
[Date "2014.02.19"]
[Round "3"]
[White "Dokutchaev, Aleksander"]
[Black "Pimenov, Revolt"]
[Result "1/2-1/2"]
[WhiteElo "2420"]
[BlackElo "2123"]
[PlyCount "59"]
[EventDate "2014.02.18"]
[EventType "swiss"]
[EventRounds "9"]
[EventCountry "RUS"]
[SourceTitle "EXT 2016"]
[Source "ChessBase"]
[SourceDate "2015.10.08"]
[SourceVersion "1"]
[SourceVersionDate "2015.10.08"]
[SourceQuality "1"]

1. d4 e6 2. Nf3 Nf6 3. e3 b6 4. Bd3 Bb7 5. 0-0 c5 6. c4 Be7 7. Nc3 d6 8. d5 e5 9. Ng5 Nbd7 10. f4 0-0 11. g4 exf4 12. exf4 h6 13. Nge4 Nxe4 14. Nxe4 Nf6 15. Ng3 Bc8 16. g5 hxg5 17. fxg5 Ng4 18. Nf5 Ne5 19. h4 Re8 20. Bf4 Bf8 21. Re1 Nxc4 22. Qh5 Bxf5 23. Bxf5 g6 24. Bxg6 fxg6 25. Qxg6+ Bg7 26. h5 Qd7 27. h6 Qg4+ 28. Kh1 Qf3+ 29. Kg1 Qg4+ 30. Kh1 1/2-1/2

[Event "St Petersburg Botvinnik Memorial op"]
[Site "St Petersburg"]
[Date "2012.08.27"]
[Round "3"]
[White "Pimenov, Revolt"]
[Black "Shemenko, Georgy"]
[Result "1-0"]
[WhiteElo "2186"]
[BlackElo "1746"]
[PlyCount "89"]
[EventDate "2012.08.25"]
[EventType "swiss"]
[EventRounds "9"]
[EventCountry "RUS"]
[SourceTitle "CBM 150 Extra"]
[Source "ChessBase"]
[SourceDate "2012.10.19"]
[SourceVersion "1"]
[SourceVersionDate "2012.10.19"]
[SourceQuality "1"]

1. d4 Nf6 2. Nc3 d5 3. Bg5 e6 4. e4 dxe4 5. Bxf6 Qxf6 6. Nxe4 Qg6 7. Qe2 Be7 8. 0-0-0 0-0 9. g4 Nc6 10. h4 e5 11. dxe5 Qxg4 12. Qxg4 Bxg4 13. f3 Be6 14. f4 Rad8 15. Bd3 Nb4 16. a3 Nxd3+ 17. cxd3 Bf5 18. Ne2 Rxd3 19. Rxd3 Bxe4 20. Rd7 Bxh1 21. Rxe7 c5 22. Ng3 Bc6 23. Nf5 a6 24. Rc7 h5 25. Ne7+ Kh7 26. Nxc6 bxc6 27. Rxc6 Rd8 28. Rd6 Ra8 29. Kc2 a5 30. f5 a4 31. Rd7 Re8 32. Rd5 Rc8 33. Kc3 Rc7 34. Kc4 Rb7 35. Kxc5 Rxb2 36. Kd6 Rb6+ 37. Ke7 g5 38. Kxf7 Rb7+ 39. Kf6 g4 40. e6 g3 41. e7 Rb8 42. Kf7 g2 43. f6 Kh6 44. e8Q Rb7+ 45. Kf8 1-0

[Event "St Petersburg Botvinnik Memorial op"]
[Site "St Petersburg"]
[Date "2012.08.25"]
[Round "1"]
[White "Pimenov, Revolt"]
[Black "Lysyj, Igor"]
[Result "0-1"]
[WhiteElo "2186"]
[BlackElo "2624"]
[PlyCount "68"]
[EventDate "2012.08.25"]
[EventType "swiss"]
[EventRounds "9"]
[EventCountry "RUS"]
[SourceTitle "CBM 150 Extra"]
[Source "ChessBase"]
[SourceDate "2012.10.19"]
[SourceVersion "1"]
[SourceVersionDate "2012.10.19"]
[SourceQuality "1"]

1. c4 b6 2. d4 Bb7 3. Nc3 e6 4. e4 Bb4 5. f3 f5 6. Bd3 fxe4 7. fxe4 Nf6 8. Qe2 Bxc3+ 9. bxc3 Nxe4 10. Nf3 Nf6 11. Ba3 c5 12. 0-0 Na6 13. Ng5 0-0 14. d5 h6 15. Ne4 Nc7 16. Nxf6+ Rxf6 17. Rxf6 Qxf6 18. Rf1 Qe7 19. Bc1 Rf8 20. Bf4 Ne8 21. Qg4 Rf6 22. Re1 d6 23. Bg3 e5 24. h4 Qc7 25. Bg6 Qd8 26. Bf5 Nc7 27. h5 Qf8 28. Bd7 b5 29. cxb5 Nxd5 30. a4 Kh8 31. c4 Nf4 32. Bh4 Nxg2 33. Bxf6 Nxe1 34. Qe2 Nf3+ 0-1

[Event "St Petersburg Autumn op"]
[Site "St Petersburg"]
[Date "2011.11.03"]
[Round "7"]
[White "Pimenov, Revolt"]
[Black "Maevsky, Nikolay"]
[Result "1-0"]
[WhiteElo "2179"]
[BlackElo "2326"]
[PlyCount "65"]
[EventDate "2011.10.28"]
[EventType "swiss"]
[EventRounds "9"]
[EventCountry "RUS"]
[SourceTitle "EXT 2013"]
[Source "ChessBase"]
[SourceDate "2012.11.22"]
[SourceVersion "1"]
[SourceVersionDate "2012.11.22"]
[SourceQuality "1"]

1. Nf3 Nf6 2. b3 d5 3. e3 Bg4 4. h3 Bh5 5. Bb2 Nbd7 6. c4 e6 7. Be2 c6 8. d3 Qa5+ 9. Nbd2 Ba3 10. Qc2 Bxb2 11. Qxb2 0-0 12. b4 Qc7 13. Rc1 Qd6 14. c5 Qe7 15. d4 Bxf3 16. Nxf3 a6 17. Bd3 Rfe8 18. Ne5 Nxe5 19. dxe5 Nd7 20. 0-0 f6 21. exf6 Qxf6 22. Qd2 Qh6 23. f4 Nf6 24. Rce1 e5 25. a4 exf4 26. exf4 Nh5 27. Re3 Qf6 28. g4 d4 29. Ref3 Qh4 30. gxh5 Rad8 31. Qg2 Qxh5 32. Bc4+ Kh8 33. Qg5 1-0

[Event "St Petersburg Autumn op"]
[Site "St Petersburg"]
[Date "2010.10.21"]
[Round "6"]
[White "Vunder, Andrei"]
[Black "Pimenov, Revolt"]
[Result "1/2-1/2"]
[WhiteElo "2293"]
[BlackElo "2156"]
[PlyCount "77"]
[EventDate "2010.10.16"]
[EventType "swiss"]
[EventRounds "9"]
[EventCountry "RUS"]
[SourceTitle "EXT 2011"]
[Source "ChessBase"]
[SourceDate "2010.11.26"]
[SourceVersion "1"]
[SourceVersionDate "2010.11.26"]
[SourceQuality "1"]

1. d4 e6 2. Nf3 Nf6 3. Bg5 b6 4. Nbd2 Bb7 5. e3 Be7 6. Bd3 d6 7. 0-0 h6 8. Bxf6 Bxf6 9. c3 Nd7 10. Qe2 e5 11. dxe5 Nxe5 12. Nxe5 Bxe5 13. Ba6 Bxa6 14. Qxa6 0-0 15. a4 f5 16. Nf3 Kh8 17. Rad1 Qe7 18. Qb5 Bf6 19. Rfe1 Qe4 20. Nd4 Bxd4 21. exd4 Qc2 22. Rc1 Qd2 23. Qe2 Qxe2 24. Rxe2 Rae8 25. Rce1 Rxe2 26. Rxe2 Rf7 27. Re8+ Kh7 28. Kf1 Kg6 29. b4 f4 30. Ra8 c5 31. Rd8 cxb4 32. Rxd6+ Kf5 33. cxb4 Rc7 34. a5 bxa5 35. bxa5 Ke4 36. Re6+ Kd5 37. Re8 Kxd4 38. Ke2 Rc5 39. Kf3 1/2-1/2

[Event "St Petersburg Autumn op"]
[Site "St Petersburg"]
[Date "2010.10.16"]
[Round "1"]
[White "Puzko, Danila"]
[Black "Pimenov, Revolt"]
[Result "0-1"]
[WhiteElo "1977"]
[BlackElo "2156"]
[PlyCount "68"]
[EventDate "2010.10.16"]
[EventType "swiss"]
[EventRounds "9"]
[EventCountry "RUS"]
[SourceTitle "EXT 2011"]
[Source "ChessBase"]
[SourceDate "2010.11.26"]
[SourceVersion "1"]
[SourceVersionDate "2010.11.26"]
[SourceQuality "1"]

1. e4 e6 2. d4 d5 3. Nd2 Nc6 4. Ngf3 Nf6 5. e5 Nd7 6. c3 f6 7. exf6 Qxf6 8. Bd3 e5 9. dxe5 Ndxe5 10. Qe2 Bg4 11. h3 Be6 12. 0-0 Nxd3 13. Qxd3 Bd6 14. Nb3 0-0 15. Bg5 Qf7 16. Nbd4 Bd7 17. Rad1 Qh5 18. Nb5 Bxh3 19. Qxd5+ Kh8 20. Nxd6 Bxg2 21. Kxg2 Qg4+ 22. Kh2 Rxf3 23. Nf7+ Rxf7 24. Qxf7 Ne5 25. f3 Qxg5 26. Qe6 Rf8 27. Rde1 Qf4+ 28. Kg1 Nxf3+ 29. Rxf3 Qxf3 30. Qe3 Qg4+ 31. Kh2 h6 32. Qg3 Qh5+ 33. Kg2 Qd5+ 34. Kh3 Rf3 0-1

[Event "Karelia-ch 63rd"]
[Site "Petrozavodsk"]
[Date "2010.02.22"]
[Round "5"]
[White "Pimenov, Revolt"]
[Black "Sergeev, Alexey B"]
[Result "1-0"]
[WhiteElo "2241"]
[BlackElo "2043"]
[PlyCount "73"]
[EventDate "2010.02.20"]
[EventType "swiss"]
[EventRounds "9"]
[EventCountry "RUS"]
[SourceTitle "CBM 135 Extra"]
[Source "ChessBase"]
[SourceDate "2010.05.04"]
[SourceVersion "1"]
[SourceVersionDate "2010.05.04"]
[SourceQuality "1"]

1. d4 Nf6 2. c4 e6 3. Nc3 d5 4. Bg5 Nbd7 5. Nf3 c6 6. Qc2 Bb4 7. a3 Qa5 8. cxd5 Nxd5 9. Bd2 0-0 10. e4 Nxc3 11. bxc3 Be7 12. e5 f6 13. Bc4 fxe5 14. Bxe6+ Kh8 15. Bxd7 Bxd7 16. Nxe5 Bf5 17. Qb3 Qa6 18. Qc4 Qxc4 19. Nxc4 Bh4 20. Ne5 Be4 21. 0-0 b5 22. a4 a5 23. f3 Bd5 24. Nd7 Rf5 25. Nb6 Ra7 26. g4 Bd8 27. Nc8 Rff7 28. Nxa7 Rxa7 29. Rfe1 Bb6 30. Re8+ Bg8 31. Rb1 Rb7 32. Kg2 b4 33. cxb4 Bxd4 34. b5 h6 35. bxc6 Rb6 36. Rxb6 Bxb6 37. Bf4 1-0

[Event "St Petersburg Blokadny op"]
[Site "St Petersburg"]
[Date "2010.01.04"]
[Round "2"]
[White "Palchun, Grigory"]
[Black "Pimenov, Revolt"]
[Result "1/2-1/2"]
[WhiteElo "2063"]
[BlackElo "2241"]
[PlyCount "101"]
[EventDate "2010.01.03"]
[EventType "swiss"]
[EventRounds "9"]
[EventCountry "RUS"]
[SourceTitle "CBM 134 Extra"]
[Source "ChessBase"]
[SourceDate "2010.03.03"]
[SourceVersion "1"]
[SourceVersionDate "2010.03.03"]
[SourceQuality "1"]

1. e4 e6 2. d4 d5 3. e5 c5 4. c3 Nc6 5. Nf3 Bd7 6. a3 a5 7. Bd3 f6 8. 0-0 f5 9. b3 Be7 10. Be3 b6 11. c4 cxd4 12. Nxd4 Nxd4 13. Bxd4 dxc4 14. Bxc4 b5 15. Be2 Nh6 16. Bf3 Rc8 17. Nd2 0-0 18. a4 Bb4 19. g3 Bc6 20. Be3 Bxd2 21. Bxc6 Bxe3 22. Bd7 Bb6 23. Bxe6+ Nf7 24. Bxc8 Qxd1 25. Raxd1 Rxc8 26. e6 Ng5 27. axb5 Re8 28. Rd6 Rxe6 29. Rxe6 Nxe6 30. Rb1 Bc5 31. b6 Bxb6 32. b4 axb4 33. Rxb4 Bc5 34. Rb7 Kf8 35. Kg2 Be7 36. Ra7 Kf7 37. f4 Nc5 38. Rc7 Ne4 39. Rc6 Bd6 40. Ra6 Ke6 41. Ra7 Kf6 42. Ra6 h6 43. Ra8 g5 44. fxg5+ hxg5 45. Ra4 Ke5 46. Kf3 Nf6 47. Ra5+ Ke6 48. Ra4 Ng4 49. Rxg4 fxg4+ 50. Kxg4 Kf6 51. h4 1/2-1/2

[Event "Petrozavodsk Elo"]
[Site "Petrozavodsk"]
[Date "2009.10.16"]
[Round "8"]
[White "Pimenov, Revolt"]
[Black "Savolainen, Lev P"]
[Result "0-1"]
[WhiteElo "2182"]
[BlackElo "2190"]
[PlyCount "114"]
[EventDate "2009.01.10"]
[EventType "tourn"]
[EventRounds "9"]
[EventCountry "RUS"]
[EventCategory "2"]
[SourceTitle "EXT 2010"]
[Source "ChessBase"]
[SourceDate "2010.11.25"]
[SourceVersion "1"]
[SourceVersionDate "2010.11.25"]
[SourceQuality "1"]

1. c4 c5 2. Nf3 Nc6 3. d4 cxd4 4. Nxd4 Nf6 5. Nc3 e6 6. g3 a6 7. Bg2 Qc7 8. 0-0 Be7 9. b3 0-0 10. h3 Rd8 11. Be3 d5 12. cxd5 Nxd5 13. Nxd5 exd5 14. Rc1 Be6 15. Qd2 Rac8 16. Rfd1 Bb4 17. Qb2 Qa5 18. Nxe6 fxe6 19. Bd2 Qa3 20. Qb1 Bxd2 21. Rxd2 Nb4 22. Rcd1 Rc3 23. Qb2 Qxb2 24. Rxb2 Kf7 25. Rbd2 Ke7 26. e4 d4 27. e5 b6 28. Rxd4 Rxd4 29. Rxd4 Nxa2 30. Ra4 Nc1 31. b4 Rc4 32. Rxa6 Rxb4 33. Ra7+ Kf8 34. Bf1 h6 35. Rb7 Nb3 36. f4 g5 37. f5 exf5 38. e6 Nd4 39. e7+ Ke8 40. Bg2 Rb1+ 41. Kf2 Rb2+ 42. Kf1 Re2 43. Bc6+ Nxc6 44. Kxe2 Nxe7 45. Rxb6 Ng8 46. Ke3 Kf7 47. Kd4 Nf6 48. Ra6 Nh5 49. Ra3 f4 50. g4 Ng3 51. Ke5 h5 52. gxh5 Kg7 53. Ra6 Kh7 54. Rg6 f3 55. Rf6 Nxh5 56. Rxf3 Kg6 57. Rg3 Nxg3 0-1

[Event "Obninsk op"]
[Site "Obninsk"]
[Date "2009.07.??"]
[Round "2"]
[White "Pimenov, Revolt"]
[Black "Barykin, Valentin"]
[Result "1-0"]
[WhiteElo "2182"]
[BlackElo "2074"]
[PlyCount "61"]
[EventDate "2009.07.??"]
[EventType "swiss"]
[EventRounds "9"]
[EventCountry "RUS"]
[SourceTitle "CBM 131 Extra"]
[Source "ChessBase"]
[SourceDate "2009.09.03"]
[SourceVersion "2"]
[SourceVersionDate "2009.09.16"]
[SourceQuality "1"]

1. d4 Nf6 2. Nf3 e6 3. Nc3 d5 4. Bg5 h6 5. Bxf6 Qxf6 6. e4 Bb4 7. e5 Bxc3+ 8. bxc3 Qe7 9. h4 Qa3 10. Qd3 Qb2 11. Qb5+ Qxb5 12. Bxb5+ Bd7 13. Bd3 Bc6 14. h5 Nd7 15. Nh4 a6 16. f4 Bb5 17. f5 Bxd3 18. cxd3 Nf8 19. g4 Ke7 20. Kd2 Rg8 21. Ke3 Nh7 22. Ng2 Ng5 23. Nf4 Rad8 24. c4 b6 25. Rac1 Rd7 26. Rhf1 c5 27. cxd5 cxd4+ 28. Kxd4 exd5 29. Nxd5+ Kd8 30. Rc6 Re8 31. Rxb6 1-0

[Event "Obninsk op"]
[Site "Obninsk"]
[Date "2009.07.??"]
[Round "7"]
[White "Pimenov, Revolt"]
[Black "Iljushina, Olga"]
[Result "0-1"]
[WhiteElo "2182"]
[BlackElo "2366"]
[PlyCount "57"]
[EventDate "2009.07.??"]
[EventType "swiss"]
[EventRounds "9"]
[EventCountry "RUS"]
[SourceTitle "CBM 131 Extra"]
[Source "ChessBase"]
[SourceDate "2009.09.03"]
[SourceVersion "2"]
[SourceVersionDate "2009.09.16"]
[SourceQuality "1"]

1. d4 Nf6 2. c4 e6 3. Nc3 Bb4 4. e3 0-0 5. Bd3 d5 6. Nge2 dxc4 7. Bxc4 e5 8. 0-0 exd4 9. exd4 Nbd7 10. Bg5 h6 11. Bf4 Nb6 12. Bb3 Bd6 13. Qd3 Bxf4 14. Nxf4 c6 15. Rad1 Qd6 16. Ng6 Re8 17. Ne5 Be6 18. Bc2 Nbd5 19. Bb1 Rad8 20. Rfe1 Qb4 21. Nxd5 Bxd5 22. Re3 Re6 23. b3 Qd6 24. Qf5 Rde8 25. h4 c5 26. dxc5 Qxc5 27. Rg3 Bxb3 28. Qf4 Qxe5 29. Qxh6 0-1